Normal view
MARC view
- ʻUs̲mānī, Muḥammad Taqī
Entry Personal Name
001 - CONTROL NUMBER
- control field: 47223
003 - CONTROL NUMBER IDENTIFIER
- control field: NUST
005 - DATE AND TIME OF LATEST TRANSACTION
- control field: 20210314133745.0
008 - FIXED-LENGTH DATA ELEMENTS
- fixed length control field: 210314|| aca||aabn | a|a d
040 ## - CATALOGING SOURCE
- Original cataloging agency: NUST
- Transcribing agency: NUST
100 ## - HEADING--PERSONAL NAME
- Personal name: ʻUs̲mānī, Muḥammad Taqī
670 ## - SOURCE DATA FOUND
- Source citation: Work cat.: (NUST): Muḥammad Shafī, 47222, Maʻariful-Quran A comprehensive commentary of on the holy Quran, 1996-
